Методы обработки сигналов и полей: межвузовский сборник научных трудов

Bibliografiske detaljer
Institution som forfatter: Ульяновский политехнический институт
Sprog:russisk
Udgivet: Ульяновск, УлПИ, 1990
Fag:
Format: MixedMaterials Bog
KOHA link:https://koha.lib.tpu.ru/cgi-bin/koha/opac-detail.pl?biblionumber=142757

MARC

LEADER 00000nam0a2200000 4500
001 142757
005 20231101221002.0
010 |a 5230183071 
035 |a (RuTPU)RU\TPU\book\154708 
090 |a 142757 
100 |a 20080911d1990 m y0rusy50 ca 
101 0 |a rus 
102 |a RU 
105 |a y z 001zy 
200 1 |a Методы обработки сигналов и полей  |e межвузовский сборник научных трудов  |f Ульяновский политехнический институт 
210 |a Ульяновск  |c УлПИ  |d 1990 
215 |a 128 с. 
320 |a Библиография в конце статей 
610 1 |a случайные поля 
610 1 |a обработка изображений 
610 1 |a сигналы 
610 1 |a поля 
610 1 |a изображения 
610 1 |a обработка 
610 1 |a помехи 
610 1 |a распознавание 
610 1 |a измерения 
610 1 |a сборники 
675 |a 621.372  |v 3 
712 0 2 |a Ульяновский политехнический институт  |2 stltpush  |3 (RuTPU)RU\TPU\col\5341  |9 24084 
801 1 |a RU  |b 63413507  |c 20080911  |g PSBO 
801 2 |a RU  |b 63413507  |c 20090113  |g PSBO 
942 |c BK